Pharmaceutical Jurisprudence (Record no. 6294)

MARC details
000 -LEADER
fixed length control field 00414nam a22001697a 4500
005 - DATE AND TIME OF LATEST TRANSACTION
control field 20200518151844.0
008 - FIXED-LENGTH DATA ELEMENTS--GENERAL INFORMATION
fixed length control field 200518b xxu||||| |||| 00| 0 eng d
020 ## - INTERNATIONAL STANDARD BOOK NUMBER
ISBN 9789384875336
041 ## - LANGUAGE CODE
Language code of text/sound track or separate title eng
082 ## - DEWEY DECIMAL CLASSIFICATION NUMBER
Classification number 619.35
100 ## - MAIN ENTRY--AUTHOR NAME
Personal name Misal Ravi B
245 ## - TITLE STATEMENT
Title Pharmaceutical Jurisprudence
260 ## - PUBLICATION, DISTRIBUTION, ETC. (IMPRINT)
Place of publication Modinagar (UP)
Name of publisher Unnati Publication
Year of publication 2019
300 ## - PHYSICAL DESCRIPTION
Number of Pages 80
650 ## - SUBJECT ADDED ENTRY--TOPICAL TERM
Topical Term Pharmacy
942 ## - ADDED ENTRY ELEMENTS (KOHA)
Koha item type Books
Holdings
Lost status Damaged status Collection code Home library Current library Shelving location Date acquired Source of acquisition Cost, normal purchase price Full call number Accession Number Koha item type
    PHARMACY JRU Library JRU Library SHELF-19-D 18/05/2020 PURCHASE 99.00 619.35 24059 Books
    PHARMACY JRU Library JRU Library SHELF-19-D 18/05/2020 PURCHASE 99.00 619.35 24060 Books
    PHARMACY JRU Library JRU Library Shelf - 25- F 18/05/2020 PURCHASE 99.00 619.35 24061 Books
    PHARMACY JRU Library JRU Library SHELF-19-D 18/05/2020 PURCHASE 99.00 619.35 24062 Books
    PHARMACY JRU Library JRU Library SHELF-19-D 18/05/2020 PURCHASE 99.00 619.35 24063 Books